| 000 | 00413nam a2200157Ia 4500 | ||
|---|---|---|---|
| 008 | 131103s9999 xx 000 0 und d | ||
| 040 | _aLoreto College | ||
| 041 | _aEnglish | ||
| 082 |
_a491.43/CHA _bLCLIB/40,112 |
||
| 100 | _aChaturvedi,Jagadiswar | ||
| 245 |
_aDuradarshan aur samajik vikas _cJadiswar Chaturvedi |
||
| 300 | _a192p | ||
| 650 | _aHindi language | ||
| 850 | _aLCLIB/491.43/CHA | ||
| 942 | _cBK | ||
| 999 |
_c19798 _d70277 |
||